| 000 | 00797nas a2200241 4500 | ||
|---|---|---|---|
| 001 | BR8707033 | ||
| 003 | BR-BrBNA | ||
| 005 | 20231205090905.0 | ||
| 007 | ta | ||
| 008 | 230509b bl.|||p| |||| 00| 00por d | ||
| 040 |
_aBR-BrBNA _bpor _cBiblioteca Nacional de Agricultura |
||
| 041 | _a(Pt) | ||
| 072 | _aF30; H10 | ||
| 100 | 1 | _aSanguino, A. | |
| 245 | 1 | _aEstacao quarentenaria do Centro de Tecnologia Copersucar [melhoramento genetico, praga, Saccharum spp, Brasil] | |
| 246 | 1 | _aCopersucar Technology Center, omarantine station | |
| 650 | _aCANA DE ACUCAR | ||
| 650 | _aQUARENTENA | ||
| 650 | _aVARIEDADE | ||
| 773 | 0 |
_tBoletim Tecnico COPERSUCAR (Brazil) _xISSN 0100-2996 _g(Sep 1986), (no. 35) p. 23-27 _wBR8707033 |
|
| 909 |
_a202311 _bLúcia _c55 _dLúcia Elande |
||
| 942 |
_2AGRIS _n0 _cANA |
||
| 999 |
_c121472 _d121472 |
||